Insider`s Guide to Graduate Programs in Clinical and Counseling Psychoogy / (Record no. 7554)

MARC details
000 -LEADER
fixed length control field 00557pam a2200193 a 4500
020 ## - INTERNATIONAL STANDARD BOOK NUMBER
Terms of availability 995.00
040 ## - CATALOGING SOURCE
Original cataloging agency Medical College Libr
041 ## - LANGUAGE CODE
Language code of text/sound track or separate title ENG
Language code of original ENG
082 ## - DEWEY DECIMAL CLASSIFICATION NUMBER
Classification number 616.89
Item number SAY
100 ## - MAIN ENTRY--PERSONAL NAME
Personal name Sayette , Michael A. .
245 ## - TITLE STATEMENT
Title Insider`s Guide to Graduate Programs in Clinical and Counseling Psychoogy /
Statement of responsibility, etc.
Medium Textual Documents
260 ## - PUBLICATION, DISTRIBUTION, ETC.
Place of publication, distribution, etc. :
Name of publisher, distributor, etc. The Guilford Press ,
Date of publication, distribution, etc. 1998.
300 ## - PHYSICAL DESCRIPTION
Extent 226 ;
Dimensions
365 ## - TRADE PRICE
Price type code 995.00
653 ## - INDEX TERM--UNCONTROLLED
Uncontrolled term Psychiatry
-- Medical Science
930 ## - EQUIVALENCE OR CROSS-REFERENCE-UNIFORM TITLE HEADING [LOCAL, CANADA]
Uniform title 7555
Holdings
Withdrawn status Lost status Damaged status Not for loan Home library Current library Date acquired Source of acquisition Cost, normal purchase price Total Checkouts Full call number Barcode Date last seen Copy number Price effective from Koha item type
        Medical College, Pune Medical College, Pune 24/03/2008 Bharati Madhyavarti Sahakari Grahak Bhandar Ltd. 995.00   616.89 SAY MCP-11649 06/02/2023 1 06/02/2023 Book